Antología castellano /

Guardado en:
Autor Principal: Dreidemie, Oscar J.
Formato: Libro
Publicado: Buenos Aires : Lasserre, 0
Edición:6a. ed.
Materias:
Etiquetas: Agregar Etiqueta
Sin Etiquetas, Sea el primero en etiquetar este registro!
LEADER 00446nam a22001695a 4500
001 CEM.cems002148
005 20060216000000.0
008 130507b######################000#0#####d
003 CEMS
082 0 4 |a 468.6 
100 1 |a Dreidemie, Oscar J. 
245 1 0 |a Antología castellano / 
250 |a 6a. ed. 
260 |a Buenos Aires :  |b Lasserre, 0 
300 |a 333 p. 
653 |a Estilos 
859 |a CEMS  |b BIB. CEMS - 11 de abril  |h 468.6  |i D813a6/I  |p 9786.81  |t Ej.1